| 000 | 01166nmc a2200397 a 4500 | ||
|---|---|---|---|
| 003 | AR-BaBNM | ||
| 005 | 20251128204326.0 | ||
| 008 | 011101s1990 ||||||||||||||000 | spa|| | ||
| 020 | _a950-582-149-2 | ||
| 040 | _cAR-BaBNM | ||
| 100 | 1 | _aOliveira Lima, Lauro de | |
| 245 | 1 | 0 |
_aEducación por la inteligencia _bdidáctica operatoria de la enseñanza media |
| 250 | _a3ª ed. | ||
| 260 |
_aBuenos Aires _bHumanitas _c1990 |
||
| 300 | 0 | _a238 p. | |
| 490 | 0 |
_aGuidance _vv. 13 |
|
| 500 | 0 | _aTraducción de Aimará Farhat | |
| 500 | 0 | _aPrefacio a la 1º y 2º ed. por el autor | |
| 650 | 4 | _aINTELIGENCIA PRACTICA | |
| 650 | 4 | _aDIDACTICA | |
| 650 | 4 | _aPENSAMIENTO LOGICO | |
| 650 | 4 | _aPROCESO DEL PENSAMIENTO | |
| 650 | 4 | _aRECURSOS EDUCACIONALES | |
| 650 | 4 | _aAUXILIARES AUDIOVISUALES | |
| 650 | 4 | _aDOCENTES | |
| 650 | 4 | _aRELACION ALUMNO-DOCENTE | |
| 650 | 4 | _aOBJETIVOS EDUCACIONALES | |
| 650 | 4 | _aSOCIOLOGIA DE LA EDUCACION | |
| 650 | 4 | _aDIDACTICA | |
| 653 | _aEDUCACION SECUNDARIA | ||
| 653 | _aMETODO CIENTIFICO | ||
| 653 | _aMETODOS EDUCATIVOS | ||
| 800 | 1 |
_aSierra de Villaverde, Sela _edirector |
|
| 942 | _cBK | ||
| 998 | _cCarmen | ||
| 999 |
_c7029 _d7029 |
||